00831 2200277 4500001002100000005001500021035002000036082001800056084002400074245010700098260003900205300004000244650001200284650001400296650002400310650001800334650002000352110004600372020000600418250000600424008004100430856003400471990001600505990001600521990001600537INLIS00000000000130920260420110453 a0010-0426000007 a63:339.13=060 a63:339.13=060 BAD p1 aPanduan Permohonan Izin Pemasukan dan Pengeluaran Sumber Daya Genetik Tanaman Untuk Penelitian /cBRMP aJakarta :bSekretariat BRMP,c2025 avi+16 :bill., tab. ;c14,5 x 21 cm 4aPedoman 4aPerijinan 4aSumber Daya Genetik 4aPemasukan SDG 4aPengeluaran SDG0 aBADAN Perakitan dan Modernisasi Pertanian a- a1260420 g 0 ind  aPerpustakaan Sekretariat BRMP a3526/2026/B a3524/2026/B a3525/2026/B